000 01480cam a2200361 a 4500
005 20260322212017.0
008 data
010 _a 94005318
020 _a0875962297 (hbk. : acidfree paper)
020 _a0875964524 (pbk. : acid-free paper)
020 _a978-0875962290 (hbk. : acid-free paper)
020 _a978-0875964522 (pbk. : acid-free paper)
040 _aDLC
_cDLC
_dDLC
050 0 0 _aRM222.2
_b.B777 1995
082 0 0 _a613.2/5
_220
092 _a613.2 B777 1995
100 1 _aBricklin, Mark.
245 1 0 _aPrevention's your perfect weight :
_bthe diet-free weight-loss method developed by the world's leading health magazine /
_cMark Bricklin & Linda Konner.
246 3 0 _aYour perfect weight
260 _a[New York] :
_bSt. Martin's Press [distributor],
_a[New York] :
_bSt. Martin's Press [distributor],
_cc1995.
300 _axiii, 370 p. :
_bill. ;
_c24 cm.
500 _aIncludes index.
650 0 _aWeight loss.
700 1 _aKonner, Linda.
730 0 _aPrevention (Emmaus, Pa.)
856 4 2 _3Publisher description
_uhttp://www.loc.gov/catdir/description/hol054/94005318.html
906 _a7
_bcbc
_corignew
_d1
_eocip
_f19
_gy-gencatlg
920 _a** LC HAS REQ'D # OF SHELF COPIES **
991 _bc-GenColl
_hRM222.2
_i.B777 1995
_tCopy 1
_wBOOKS
991 _bc-GenColl
_hRM222.2
_i.B777 1995
_p0001159153A
_tCopy 2
_wCCF
001 data
999 _c385
_d385